000 00395nam a2200157Ia 4500
003 OSt
005 20240111145548.0
008 170523s9999 xx 000 0 und d
020 _a978-8184880274
040 _ciimt university meerut
100 _aSRIVASTAVA- RM
245 0 _aMANAGEMENT OF INDIAN FINANCIAL INSTITUTION
260 _bDELHI HIMALAYA PUBLICATION
260 _c1999
942 _2ddc
_c02
999 _c42
_d42